Morocco : EIU country profile 2002/2003.
| Format: | Book |
|---|---|
| Published: |
[London]:
The Economist Intelligence Unit,
2002.
|
| Subjects: |
| LEADER | 00454cam a2200145 7i4500 | ||
|---|---|---|---|
| 001 | 0000010782 | ||
| 005 | 20020509090000.0 | ||
| 090 | 0 | 0 | |a MORC 330.9 |b MOR |
| 245 | 0 | 0 | |a Morocco : |b EIU country profile 2002/2003. |
| 260 | 0 | 0 | |a [London]: |b The Economist Intelligence Unit, |c 2002. |
| 300 | # | # | |a 64p. |
| 650 | 0 | 0 | |a Economic conditions -- |z Morocco |
| 650 | 0 | 0 | |a Morocco -- |x Country profile |
| 651 | 0 | 0 | |a Morocco |
| 999 | |a B000013493 |b Book |c Countries |e Business Information Centre | ||